| 000 | 00874nab a2200241 u 4500 | ||
|---|---|---|---|
| 001 | 16484 | ||
| 003 | HDC | ||
| 007 | cr bn ---aaaaa | ||
| 008 | 210221c20100122xx dr|noo 0 a eng d | ||
| 040 | _aHDC | ||
| 245 | 0 | _aIntertek and IHIA enter tripartite co-operation and collaboration on Global Halal Management System with two Halal Certification Bodies | |
| 260 |
_a[No place] : _b[publisher not identified], _c2010 |
||
| 336 |
_atext _2rdacontent |
||
| 337 |
_acomputer _2rdamedia |
||
| 338 |
_aonline resource _2rdacarrier |
||
| 650 |
_aHalal Certification _9753 |
||
| 650 |
_aHalal Management _92510 |
||
| 710 | _aHalal Focus | ||
| 856 | _zRequest full-text at [email protected] | ||
| 942 | _2lcc | ||
| 942 | _cNEWS | ||
| 942 | _kNWSO 005708 | ||
| 999 |
_c13800 _d13800 |
||